000 00496nam a2200169 i 4500
001 72860
003 ES-MaACL
005 20230906171600.0
007 t|
008 040903s1970 sp ||||1| spa d
100 1 _aGombrowicz, Witold.
_957737
245 1 3 _aLa virginidad /
_cWitold Gombrowicz ; [traducĂ­do del polaco por Sergio Pitol].
260 _a[Barcelona] :
_bTusquets,
_c[1970]
300 _a78 p. ;
_c18 cm.
700 1 _aPitol, Sergio.
_992416
852 _aES-MaACL
_jC-45983
_bR.76508
999 _c72860
_d72860